| 000 | 00535nam a2200157Ia 4500 | ||
|---|---|---|---|
| 008 | 170221s9999 xx 000 0 und d | ||
| 100 | _aYun Chen | ||
| 245 | _aOptimization of Waiting Time in Complex RIA by Combined Pseudo-Hierarchical-Lazy-Loading Algorithm | ||
| 245 | _cYun Chen, Ai Zheng, Shi Jing, and Qi Huang | ||
| 260 | _bJournal of Communications | ||
| 260 | _c2015 | ||
| 300 | _a10 : 11 | ||
| 650 | _xCommunication | ||
| 650 | _xMedia Arts | ||
| 856 | _uhttp://www.jocm.us/index.php?m=content&c=index&a=lists&catid=153 | ||
| 999 |
_c307074 _d307074 |
||